000
00193nam a2200085 4500
001
1257621
005
20260217113838.0
245
_a
MO'NUN GİZEMİ İKİZLER 3
_c
GÜLTEN DAYIOĞLU
260
_b
ALTIN
999
_c
1257621
_d
1257621